| 000 | 00304 a2200121 4500 | ||
|---|---|---|---|
| 001 | 86995 | ||
| 082 | _a031 STA | ||
| 090 |
_c40976 _d40976 |
||
| 100 | _aStadandard Educational Corp | ||
| 245 | _aNew standard encyclopedia Vol 3 | ||
| 260 |
_aStandard Educational Corp _bUSA _c1988 |
||
| 300 | _axxxv, 416 p | ||
| 942 |
_aNUST CAE _k031 STA |
||
| 999 |
_c322068 _d322068 |
||